| 000 | 00358 a2200133 4500 | ||
|---|---|---|---|
| 005 | 20250618153741.0 | ||
| 020 | _a0-471-84529-9 | ||
| 082 | _a658.802 COH | ||
| 100 | _aCOHEN, W. A. | ||
| 245 | _aDeveloping a Winning Marketing Plan. | ||
| 260 |
_aNew York, _bJohn Willey & Sons, _c1937. |
||
| 300 |
_ax, 324p.: ill.; figure, Table _bIndex _c24cm |
||
| 942 |
_2ddc _cBKS |
||
| 999 |
_c213 _d213 |
||